| 000 -LEADER |
| fixed length control field |
00442cam a2200157Ka 4500 |
| 020 ## - INTERNATIONAL STANDARD BOOK NUMBER |
| ISBN |
0073033928 (pbk.) |
| 020 ## - INTERNATIONAL STANDARD BOOK NUMBER |
| ISBN |
9780073033921 (pbk.) |
| 040 ## - CATALOGING SOURCE |
| Transcribing agency |
JQM |
| 082 ## - DEWEY DECIMAL CLASSIFICATION NUMBER |
| Classification number |
973 MCG 1999 A099 Or. |
| 100 1# - MAIN ENTRY--AUTHOR NAME |
| Personal name |
Brinkley, Alan |
| 245 10 - TITLE STATEMENT |
| Title |
American history : |
| Remainder of title |
a survey. |
| 250 ## - EDITION STATEMENT |
| Edition statement |
10th ed |
| 260 ## - PUBLICATION, DISTRIBUTION, ETC. (IMPRINT) |
| Place of publication |
Boston : |
| Name of publisher |
Mcgraw-Hill College, |
| Year of publication |
c1999 |
| 300 ## - PHYSICAL DESCRIPTION |
| Number of Pages |
xvi, 507-1160, 39, 4, 18 p. : |
| Other physical details |
ill. (some col.), col. maps ; |
| Dimensions |
26 cm |
| 942 ## - ADDED ENTRY ELEMENTS (KOHA) |
| Koha item type |
សៀវភៅភាសាអង់គ្លេស |
| 952 ## - LOCATION AND ITEM INFORMATION (KOHA) |
| Withdrawn status [LOCAL, KOHA] |
0 |